<?xml version="1.0" encoding="UTF-8"?>
<record
    xmlns:xsi="http://www.w3.org/2001/XMLSchema-instance"
    xsi:schemaLocation="http://www.loc.gov/MARC21/slim http://www.loc.gov/standards/marcxml/schema/MARC21slim.xsd"
    xmlns="http://www.loc.gov/MARC21/slim">

  <leader>07356nam a2200337   4500</leader>
  <controlfield tag="001">114337</controlfield>
  <controlfield tag="003">DR-UNIBE</controlfield>
  <controlfield tag="005">20260302113040.0</controlfield>
  <controlfield tag="008">260127b2007    dr ||||| |||| 00| 0 spa d</controlfield>
  <datafield tag="020" ind1=" " ind2=" ">
    <subfield code="a">9789945161137</subfield>
  </datafield>
  <datafield tag="040" ind1=" " ind2=" ">
    <subfield code="a">BIBLIOTECA UNIBE</subfield>
    <subfield code="b">spa</subfield>
    <subfield code="c">BIBLIOTECA UNIBE</subfield>
    <subfield code="e">rda</subfield>
  </datafield>
  <datafield tag="041" ind1=" " ind2=" ">
    <subfield code="a">spa</subfield>
  </datafield>
  <datafield tag="082" ind1=" " ind2=" ">
    <subfield code="a">RD 972.93054 R139m 2007</subfield>
  </datafield>
  <datafield tag="100" ind1="1" ind2="0">
    <subfield code="a">Raful Tejada, Tony,</subfield>
    <subfield code="d">1951-</subfield>
    <subfield code="9">24120</subfield>
    <subfield code="e">autor</subfield>
  </datafield>
  <datafield tag="245" ind1="1" ind2="0">
    <subfield code="a">Movimiento 14 de Junio : </subfield>
    <subfield code="b">historia y documentos / </subfield>
    <subfield code="c">Tony Raful </subfield>
  </datafield>
  <datafield tag="250" ind1=" " ind2=" ">
    <subfield code="a">Segunda edici&#xF3;n</subfield>
  </datafield>
  <datafield tag="260" ind1=" " ind2=" ">
    <subfield code="a">Santo Domingo : </subfield>
    <subfield code="b">B&#xFA;ho, </subfield>
    <subfield code="c">2007</subfield>
  </datafield>
  <datafield tag="300" ind1=" " ind2=" ">
    <subfield code="a"> 780 p&#xE1;ginas :</subfield>
    <subfield code="b">fotos b/n ;</subfield>
    <subfield code="c">22 x 15 cm</subfield>
  </datafield>
  <datafield tag="500" ind1=" " ind2=" ">
    <subfield code="a">Informaci&#xF3;n del autor y comentario de la obra en las solapas,  comentario de la obra en la contraportada</subfield>
  </datafield>
  <datafield tag="505" ind1=" " ind2=" ">
    <subfield code="a">Presentaci&#xF3;n a la segunda edici&#xF3;n |
Cap&#xED;tulo I. En el d&#xED;a de reyes del a&#xF1;o 1959 comienza a gestarse movimiento conspirativo en casa de Yuyo D' Alessandro |
Cap&#xED;tulo II. El sabotaje impide &#xE9;xito del factor sorpresa y reconocimiento de gobierno en armas |
Cap&#xED;tulo III. Fidel Castro se iba a unir a los h&#xE9;roes del 14 de junio. Lucha interna o Trujillo siempre |
Cap&#xED;tulo IV. El ejemplo de junio de 1959 despert&#xF3; conciencias |
Cap&#xED;tulo V.  La peque&#xF1;a llama de Salcedo enciende la pradera. Habla el Ing. Francisco Gonz&#xE1;lez, Pachico |
Cap&#xED;tulo VI. "El complot develado" redactado en una silla el&#xE9;ctrica |
Cap&#xED;tulo VII. Radio Caribe truena en medio de negros nubarrones |
Cap&#xED;tulo VIII. Ramfis Trujillo llama "se&#xF1;oritos de alta suciedad" a los j&#xF3;venes del Movimiento 14 de Junio, 105  |
Cap&#xED;tulo IX. Marcos P&#xE9;rez Collado entrega documentos clave a la embajada norteamericana y se asila |
Cap&#xED;tulo X. Minerva, Patria y Mar&#xED;a Teresa Mirabal "cayeron para volverse eternas" , 131.
Cap&#xED;tulo XI. La comedia del MPD termina en masacre. La c&#xE1;rcel hace hermanos catorcistas y emepedeistas |
Cap&#xED;tulo XII. Etapa legal del 1J4. Eligen a Manolo Presidente |
Cap&#xED;tulo XIII. 14 de Junio env&#xED;a miembros a estudiar a Costa Rica |
Cap&#xED;tulo XIV. Muchachada proclama territorio libre calle Espaillat 20 de octubre de 1961 |
Cap&#xED;tulo XV. Manolo y Viriato van a Washington, regresan en medio de una apoteosis popular. 14 de Junio pide gobierno de unidad nacional |
Cap&#xED;tulo XVI. Renuncian los "c&#xED;vicos" de 1J4. 14 de Junio explica salida de directivos |
Cap&#xED;tulo XVII. &#xBF;Qui&#xE9;nes y por qu&#xE9; matan a Johnny Abbes Garc&#xED;a, el verdugo del Movimiento Clandestino 14 de Junio? |
Cap&#xED;tulo XVIII. Relato conmovedor de hermana de un desaparecido |
Cap&#xED;tulo XIX.  14 de junio de 1962,  Manolo proclama: iremos a la escarpadas monta&#xF1;as de Quisqueya  |
Cap&#xED;tulo XX. Juicio a los asesinos de las Miraba |
Cap&#xED;tulo XXI. Ley de Emergencia, consejo deporta catorcistas Vinicio Echavarr&#xED;a, Frank Carvajal, Juan Miguel Rom&#xE1;n. Buscan a Leandro Guzm&#xE1;n, M&#xE1;ximo Bernard |
Cap&#xED;tulo XXII.  Delio G&#xF3;mez pidi&#xF3; permiso para venir a pelear en 1965 |
Cap&#xED;tulo XXIII.  Se divide 14 de Junio, fundan partido. Manolo responde |
Cap&#xED;tulo  XXXIV. A la plaza Valerio, Manolo asiste vestido de verde olivo |
Cap&#xED;tulo XXVI. Catorcistas dan la victoria a Juan Bosch. Votos verdes y negros se depositan a favor del PRD |
Cap&#xED;tulo XXVI. Misterioso organismo dirige 1J4 |
Cap&#xED;tulo XXVII. 14 de junio de 1963, Manolo dice que est&#xE1; dispuesto a morir en la cruz del sacrificio |
Cap&#xED;tulo XXVIII. El 16 de julio de 1963, Manolo llama al Presidente Bosch para felicitarlo; s&#xF3;lo puede hablar con Jacobo Majluta. Bosch le dice al Dr. Cordero Michel: "El golpe ser&#xE1; contra ustedes" |
Cap&#xED;tulo XXIX. Tragedia nacional. Golpe de Estado 25 de septiembre. Manolo intercepta conversaci&#xF3;n telef&#xF3;nica Bosch |
Cap&#xED;tulo  XXX. Congreso Nacional clandestino proclama Presidente al doctor Juan Casanovas Garrido; 14 de Junio apoya decisi&#xF3;n |
Cap&#xED;tulo XXXI. Pausa. Acotaciones a Melvin M&#xE1;&#xF1;on a prop&#xF3;sito de los h&#xE9;roes cita Poeta Nacional Pedro Mir |
Cap&#xED;tulo XXXII. Estudiantes emplazan a Viriato Fiallo |
Cap&#xED;tulo XXXIII. Inician preparativos insurrecci&#xF3;n noviembre |
Cap&#xED;tulo XXXIV. Capit&#xE1;n del Ej&#xE9;rcito Nacional se re&#xFA;ne con Manolo. Promete apoyo a guerrillas |
Cap&#xED;tulo XXXV. Primer teniente piloto Hugo Rom&#xE1;n Peralta declara: "me niego a bombardear a mis hermanos del 1J4 |
Cap&#xED;tulo XXXVI. Dispersan a tiros frente Gregorio Luper&#xF3;n. Capturan a Juan Miguel Rom&#xE1;n | 
Cap&#xED;tulo XXXVIS.  Domingo 15 de diciembre, desgracia en Lomas de Miches, Luis Genao Espaillat responde a sus cr&#xED;ticos y revela su amor por el 14 de Junio |
Cap&#xED;tulo XXXVIII. El eslab&#xF3;n perdido, al fin, encontrado. Triunvirato enga&#xF1;a al Presidente Johnson, obtiene reconocimiento y ordena muerte de Manolo |
Cap&#xED;tulo XXXIX. Se desploma frente urbano. Fidelio convence a Manolo y marcha a una misi&#xF3;n de contacto |
Cap&#xED;tulo XL. &#xBF;C&#xF3;mo muri&#xF3; Manolo? |
Cap&#xED;tulo XLI. Coronel Valdez Hilario dice: "No quiero que la sangre de esos muchachos me salpique mi uniforme". Informe del doctor Espaillat Cabral |
Cap&#xED;tulo XLII. Responsabilidades en la tragedia de Las Manaclas |
Cap&#xED;tulo XLIII . 14 de Junio entierra a sus muertos. Emma Tavares Justo le pide una nueva cita a la historia |
Cap&#xED;tulo XLIV.  Entrevista al general Ramiro Matos |
Cap&#xED;tulo  XLV. Ing. Leandro Guzm&#xE1;n explica razones por las cuales fracas&#xF3; insurrecci&#xF3;n |
Cap&#xED;tulo XLVI. El doctor Juan B. Mej&#xED;a acusa a la infraestructura del fracaso guerrillero y de practicar el oportunismo de izquierda |
Cap&#xED;tulo XLVII. Presa en San Crist&#xF3;bal, Picky Lora habl&#xF3; con capit&#xE1;n Calder&#xF3;n |
Cap&#xED;tulo XLVIII. Supuesta carta de revolucionaria venezolana residente en Cuba, acusa a Fafa Tavera de seducci&#xF3;n y enga&#xF1;o, pide castigo revolucionario |
Cap&#xED;tulo XLIX. Sensacionales revelaciones de Mario Fern&#xE1;ndez Mu&#xF1;oz: Wessin hizo proposiciones al 14 de Junio; confirman reuni&#xF3;n del capit&#xE1;n Calder&#xF3;n con Manolo en iglesia de Constanza | 
Cap&#xED;tulo L. Oscar Santana dirige sector 1J4 en conspiraci&#xF3;n del 24 de abril |
Cap&#xED;tulo LI. Hieren comandante Pedro Bonilla (1J4) en combate 15 de junio; se cubre de gloria Norge Botello (1J4) peleando cuerpo a cuerpo con soldados invasores en patios y callejones de Villa Francisca |
Cap&#xED;tulo LII. Asesinan a comandante Oscar Santana, el 14 de Junio pierde a uno de sus m&#xE1;s puros dirigentes |
Cap&#xED;tulo LIII. H&#xE9;ctor Aristy profetiza en 1965 que detr&#xE1;s de Garc&#xED;a Godoy viene al poder Joaqu&#xED;n Balaguer; 14 de Junio no acepta f&#xF3;rmula Garc&#xED;a Godoy |
Cap&#xED;tulo LIV. 14 de Junio aprueba en 1966 autocritica severa sobre la insurrecci&#xF3;n guerrillera |
Cap&#xED;tulo LV. 20 Conclusiones definitivas y una esperanza latente: la figura de Manolo crecer&#xE1; con el tiempo |
Anexos |
Citas  |
Bibliograf&#xED;a |
&#xCD;ndice onom&#xE1;stico </subfield>
  </datafield>
  <datafield tag="600" ind1=" " ind2="7">
    <subfield code="2">lemb</subfield>
    <subfield code="a">Tav&#xE1;rez Justo, Manuel Aurelio (Manolo),  </subfield>
    <subfield code="d">1931-1963</subfield>
    <subfield code="9">162915</subfield>
    <subfield code="x">Vida pol&#xED;tica</subfield>
  </datafield>
  <datafield tag="650" ind1=" " ind2="7">
    <subfield code="2">lemb</subfield>
    <subfield code="a">Movimiento 14 de junio</subfield>
    <subfield code="9">202833</subfield>
  </datafield>
  <datafield tag="651" ind1=" " ind2="7">
    <subfield code="2">lemb</subfield>
    <subfield code="a"> Rep&#xFA;blica Dominicana</subfield>
    <subfield code="x">Pol&#xED;tica y gobierno</subfield>
  </datafield>
  <datafield tag="651" ind1=" " ind2="7">
    <subfield code="2">lemb</subfield>
    <subfield code="a">Rep&#xFA;blica Dominicana </subfield>
    <subfield code="x">Historia</subfield>
    <subfield code="y">Era de Trujillo 1930-1961</subfield>
    <subfield code="9">26200</subfield>
  </datafield>
  <datafield tag="700" ind1="1" ind2="0">
    <subfield code="a"> D&#xED;az V&#xF3;lquez, Luis Orlando</subfield>
    <subfield code="9">201869</subfield>
    <subfield code="e">cuidado de la edici&#xF3;n</subfield>
  </datafield>
  <datafield tag="700" ind1="1" ind2="0">
    <subfield code="a">P&#xE9;rez P&#xE9;rez, Milvio Bernardo, </subfield>
    <subfield code="d">1939-</subfield>
    <subfield code="9">62989</subfield>
    <subfield code="e">fot&#xF3;grafo</subfield>
  </datafield>
  <datafield tag="700" ind1="1" ind2="0">
    <subfield code="a">Mej&#xED;a, Gonzalo</subfield>
    <subfield code="9">201870</subfield>
    <subfield code="e">fot&#xF3;grafo</subfield>
  </datafield>
  <datafield tag="700" ind1="1" ind2="0">
    <subfield code="a">Est&#xE9;vez, Wanda</subfield>
    <subfield code="9">145643</subfield>
    <subfield code="e">dise&#xF1;ador</subfield>
    <subfield code="e">diagramador</subfield>
  </datafield>
  <datafield tag="700" ind1="1" ind2="0">
    <subfield code="a">D&#xED;az, Rub&#xE9;n</subfield>
    <subfield code="9">201871</subfield>
    <subfield code="e">dise&#xF1;ador de portada</subfield>
  </datafield>
  <datafield tag="942" ind1=" " ind2=" ">
    <subfield code="2">ddc</subfield>
    <subfield code="c">BK</subfield>
  </datafield>
  <datafield tag="999" ind1=" " ind2=" ">
    <subfield code="c">114337</subfield>
    <subfield code="d">114337</subfield>
  </datafield>
  <datafield tag="952" ind1=" " ind2=" ">
    <subfield code="0">0</subfield>
    <subfield code="1">0</subfield>
    <subfield code="2">ddc</subfield>
    <subfield code="7">0</subfield>
    <subfield code="8">GEN-RD</subfield>
    <subfield code="a">Principal</subfield>
    <subfield code="d">2025-11-12</subfield>
    <subfield code="l">0</subfield>
    <subfield code="o">RD 972.93054 R139m 2007 </subfield>
    <subfield code="p">260065</subfield>
    <subfield code="r">2026-01-27 16:15:19</subfield>
    <subfield code="t">Ej. 1</subfield>
    <subfield code="w">2026-01-27</subfield>
    <subfield code="y">BK</subfield>
  </datafield>
</record>
